| 000 | 00479nam a2200169Ia 4500 | ||
|---|---|---|---|
| 999 |
_c21406 _d21406 |
||
| 003 | OSt | ||
| 005 | 20201119095558.0 | ||
| 008 | 190216s9999||||xx |||||||||||||| ||und|| | ||
| 040 | _coclc | ||
| 082 |
_a301.2 _bSHA/S |
||
| 100 |
_aSharma, Ram Nath _92488 |
||
| 245 | 0 |
_aSocial And Cultural Anthropology / _cRam Nath Sharma |
|
| 260 |
_bSurjeet Pubs, _aDelhi: _c2007. |
||
| 300 | _a366p | ||
| 650 | _aHistory | ||
| 942 |
_cBK _2ddc _h301.2 _iSHA/S _k301.2 _mSHA/S |
||